| 000 | 00407nam a2200169Ia 4500 | ||
|---|---|---|---|
| 008 | 230524s9999 xx 000 0 und d | ||
| 082 |
_a621.38 _bHOR |
||
| 100 | _aPaul Horowitz | ||
| 245 | 4 | _aThe Art of Electronics | |
| 250 | _a2ND | ||
| 260 |
_aNEW YORK _bCambridge _c2006 |
||
| 300 | _aXVII;1064 | ||
| 500 | _aQuantity Number: 3 | ||
| 650 | _aElectronics | ||
| 700 | _a Winfield Hill | ||
| 942 | _cBK | ||
| 999 |
_c37534 _d37534 |
||